Scary Baby Names Quiz Stats

Quiz Updated May 4, 2015

Challenge
Share
Tweet
Embed
Score 0/30 Timer 06:00
3 Plays Today
Hint Name % Correct
Boy NamesCasper
96.5%
Girl NamesIvy
91%
Girl NamesBuffy
90.8%
Boy NamesFreddy
90.6%
Boy NamesHitchcock
89.5%
Girl NamesSabrina
88.5%
Boy NamesHades
85.3%
Boy NamesPoe
83.2%
Girl NamesCruella
82.3%
Girl NamesUrsula
81.9%
Boy NamesHannibal
81.5%
Girl NamesRosemary
78.2%
Boy NamesVlad
75.3%
Girl NamesWednesday
74.8%
Boy NamesJack
70.6%
Hint Name % Correct
Boy NamesChucky
69.1%
Girl NamesMorticia
68%
Boy NamesRasputin
62.2%
Girl NamesClarice
61.4%
Boy NamesGomez
57.9%
Girl NamesMaleficent
56%
Boy NamesBates
55.7%
Boy NamesDraco
55%
Boy NamesPugsley
49.4%
Girl NamesBelladonna
41.1%
Girl NamesDesdemona
36.9%
Boy NamesRomero
34.5%
Girl NamesRegan
27.8%
Girl NamesLilith
21.8%
Girl NamesSamara
15.4%

You're not logged in!

Compare scores with friends on all Sporcle quizzes.
Sign Up with Email
OR
Log In

You Might Also Like...

Show Comments

Extras

Top Quizzes Today


Score Distribution

Your Account Isn't Verified!

In order to create a playlist on Sporcle, you need to verify the email address you used during registration. Go to your Sporcle Settings to finish the process.